Homoeopathy : (Record no. 122479)

MARC details
000 -LEADER
fixed length control field 00781nam a22002537a 4500
003 - CONTROL NUMBER IDENTIFIER
control field dpl
005 - DATE AND TIME OF LATEST TRANSACTION
control field 20190125173334.0
008 - FIXED-LENGTH DATA ELEMENTS--GENERAL INFORMATION
fixed length control field 190125b ||||| |||| 00| 0 eng d
010 ## - LIBRARY OF CONGRESS CONTROL NUMBER
LC control number B-042613
020 ## - INTERNATIONAL STANDARD BOOK NUMBER
International Standard Book Number 8178060019
Terms of availability 96.00
035 ## - SYSTEM CONTROL NUMBER
System control number B-042613, B-042640
037 ## - SOURCE OF ACQUISITION
Source of stock number/acquisition Cen Lib/Ret
040 ## - CATALOGING SOURCE
Original cataloging agency DPL
Language of cataloging EN
Transcribing agency 0
082 ## - DEWEY DECIMAL CLASSIFICATION NUMBER
Classification number 615.532
Item number BAL
100 ## - MAIN ENTRY--PERSONAL NAME
Personal name Balakrishnan, E.
9 (RLIN) 20224
245 ## - TITLE STATEMENT
Title Homoeopathy :
Remainder of title the scientific medicine /
Statement of responsibility, etc by Balakrishnan E.
260 ## - PUBLICATION, DISTRIBUTION, ETC. (IMPRINT)
Place of publication, distribution, etc New Delhi
Name of publisher, distributor, etc Unicorn Books
Date of publication, distribution, etc 2000
270 ## - ADDRESS
Address F-2/16, Ansari Road, Daryaganj
City New Delhi
Postal code 110002
300 ## - PHYSICAL DESCRIPTION
Extent 139p.:
Dimensions 24cm(Hb)
500 ## - GENERAL NOTE
General note Includes bibliographic references and index
650 ## - SUBJECT ADDED ENTRY--TOPICAL TERM
Topical term or geographic name as entry element Medicine
9 (RLIN) 3881
650 ## - SUBJECT ADDED ENTRY--TOPICAL TERM
Topical term or geographic name as entry element Homoeopathy
9 (RLIN) 72110
942 ## - ADDED ENTRY ELEMENTS (KOHA)
Source of classification or shelving scheme Dewey Decimal Classification
Koha item type English Books
Classification part 615.532
Call number suffix BAL
Holdings
Withdrawn status Lost status Damaged status Not for loan Collection code Home library Current library Date acquired Source of acquisition Cost, normal purchase price Total Checkouts Full call number Barcode Date last seen Copy number Cost, replacement price Price effective from Koha item type Source of classification or shelving scheme Public note Date checked out
      Not For Loan Reference Central Library Central Library 25/05/2015 Cen Lib/Ret 96.00   615.532 BAL B-042613 25/05/2015 1 96.00 15/09/2016 English Books      
        Non-fiction Sarojini Nagar Sarojini Nagar 07/03/2019       615.532 BAL B-042619 07/03/2019     07/03/2019 English Books Dewey Decimal Classification Withdrawn List Prepared L.No.12/20  
        Non-fiction Sarojini Nagar Sarojini Nagar 12/04/2019       615.532 BAL B-042635 12/04/2019     12/04/2019 English Books Dewey Decimal Classification    
        Non-fiction Sarojini Nagar Sarojini Nagar 26/06/2025   96.00 1 615.532 BAL B-042620 12/07/2025   96.00 26/06/2025 English Books Dewey Decimal Classification   26/06/2025
        Non-fiction Vigyan Vihar Vigyan Vihar 25/01/2019 BPPD/PUB 135.00   615.532 BAL B-042640 25/01/2019   135.00 25/01/2019 English Books Dewey Decimal Classification    
        Non-fiction Yojana Vihar Yojana Vihar 29/08/2019 BPPD/PUB 135.00   615.532 BAL B-42639 29/08/2019   135.00 29/08/2019 English Books Dewey Decimal Classification    
        Non-fiction Yojana Vihar Yojana Vihar 29/08/2019 BPPD/PUB 96.00   615.532 BAL B-42624 29/08/2019   96.00 29/08/2019 English Books Dewey Decimal Classification    

© Delhi Public Library
Hit Counter
free hit counter